| 000 | 00691cam a2200241 a 4500 | ||
|---|---|---|---|
| 001 | 3414562 | ||
| 005 | 20180829044101.0 | ||
| 008 | 900723s1991 mnuaf b 001 0 eng c | ||
| 010 | _a 90012866 | ||
| 020 | _a0314773029 (hard : alk. paper) | ||
| 040 |
_aDNLM/DLC _cDLC _dDLC |
||
| 041 | _aeng | ||
| 060 | _aQH 431 C971h | ||
| 080 | _a573.21 | ||
| 082 | 0 | 0 |
_a573.21 _220 |
| 100 | 1 | _a11 | |
| 101 | _aBIO | ||
| 245 | 1 | 0 |
_aHuman heredity : _cMichael R. Cummings. |
| 504 | _aIncludes bibliographical references and index. | ||
| 906 |
_a7 _bcbc _corignew _d1 _eocip _f19 _gy-gencatlg |
||
| 942 |
_2ddc _cBK |
||
| 999 |
_c47393 _d47393 |
||